| 000 | 01084cad a22002295a 4500 | ||
|---|---|---|---|
| 001 | E146047 | ||
| 008 | 081204s2008 xxkado f s 000 0 eng d | ||
| 035 | _a(Sirsi) u146047 | ||
| 041 | 0 | _aeng | |
| 050 | 0 | 4 | _a333.33 $2 18 |
| 110 | 2 |
_aLambert Smith Hampton _92865 |
|
| 245 | 0 | 0 |
_aGlasgow city centre office report 2008/9 _h[electronic resource] |
| 260 |
_aGlasgow _bLambert Smith Hampton _c2008 |
||
| 490 | 0 |
_aLambert Smith Hampton Glasgow City Centre Office Report _v2008/9 |
|
| 520 | _aSuggests that take up during 2008 is likely to decrease to 300 000 sq ft, from a ten year average of 500 000 sq ft. Lack of grade A supply has inhibited market activity during 2008, and it is thought that new developments which come to the market in 2009 will be well received because of this unfulfilled demand. | ||
| 521 | _aAdvanced | ||
| 590 | _aKA | ||
| 651 | 4 | _aGlasgow | |
| 690 | _aPROPERTY-COMMERCIAL PROPERTY-COMMERCIAL PROPERTY MARKET | ||
| 856 | 4 | 0 |
_uhttps://www.lsh.co.uk _zView the report free of charge under research (requires registration) at www.lsh.co.uk... |
| 942 | _n0 | ||
| 999 |
_c109028 _d109028 |
||